UBT Library

Fundamental considerations in anesthesia. (Record no. 39789)

000 -LEADER
fixed length control field 00565cam a22002291 4500
001 - CONTROL NUMBER
control field 8929871
005 - DATE AND TIME OF LATEST TRANSACTION
control field 20180105043220.0
008 - FIXED-LENGTH DATA ELEMENTS--GENERAL INFORMATION
fixed length control field 760223s1966 xx 000 0 eng
010 ## - LIBRARY OF CONGRESS CONTROL NUMBER
LC control number 65027576
035 ## - SYSTEM CONTROL NUMBER
System control number (OCoLC)2006615
040 ## - CATALOGING SOURCE
Original cataloging agency DLC
Transcribing agency TJoS-M
Modifying agency DLC
041 ## - LANGUAGE CODE
Language code of text/sound track or separate title eng
042 ## - AUTHENTICATION CODE
Authentication code premarc
080 ## - UNIVERSAL DECIMAL CLASSIFICATION NUMBER
Universal Decimal Classification number 615.781 BUR
082 ## - DEWEY DECIMAL CLASSIFICATION NUMBER
Classification number 615.781 BUR
100 1# - Rafti
Rafti 6
101 ## - Shkurtesa
Shkurtesa ANA
245 10 - TITLE STATEMENT
Title Fundamental considerations in anesthesia.
504 ## - BIBLIOGRAPHY, ETC. NOTE
Bibliography, etc Includes "References"
906 ## - LOCAL DATA ELEMENT F, LDF (RLIN)
a 7
b cbc
c oclcrpl
d u
e ncip
f 19
g y-gencatlg
942 ## - ADDED ENTRY ELEMENTS (KOHA)
Source of classification or shelving scheme
Item type Books

No items available.

UBT Library © 2015-2024. All rights reserved University Education for Business and Technology